Presidentes del FC Barcelona - Estadísticas

Estadísticas generales
  • Esta prueba ha sido intentada 118 veces
  • La puntuación promedio es 11 de 56
Estadísticas de respuestas
Mandato Presidente % Correcto
2003-2010 Joan Laporta
100%
2021 - act. Joan Laporta
100%
(2014-2015) * Josep María Bartomeu
94%
2015-2020 Josep María Bartomeu
94%
2010-2014 Sandro Rosell
80%
1978-2000 José Luis Núñez
62%
2000-2003 Joan Gaspart
59%
1908-1909 Hans-Max Gamper
55%
1910-1913 Hans-Max Gamper
55%
1917-1919 Hans-Max Gamper
55%
1921-1923 Hans-Max Gamper
55%
1924-1925 Hans-Max Gamper
55%
1952-1953 Enric Martí
12%
1935-1936 Josep Suñol
11%
(2020-2021) * Carlos Tusquets
10%
1969-1977 Agustí Montal
9%
1946-1952 Agustín Montal
9%
2003-2003 Enric Reyna
8%
1934-1935 Esteve Sala
7%
1903-1905 Arthur Witty
5%
1937-1939 Francesc Xavier Casals
5%
(1939-1940) * Joan Soler
5%
1905-1906 Josep Soler
5%
1968-1969 Narciso de Carreras
5%
1977-1978 Raimon Carrasco
5%
1899-1901 Walter Wild
5%
1914-1914 Álvaro Presta
4%
1961-1961 Antoni Julià
4%
1925-1929 Arcadi Balaguer
4%
1901-1902 Bartomeu Terradas
4%
1923-1924 Enric Cardona
4%
1961-1968 Enric Llaudet
4%
1953-1961 Fancesc Miró-Sans
4%
1913-1914 Francesc de Moxó
4%
1916-1917 Gaspar Rosés
4%
1920-1921 Gaspar Rosés
4%
1930-1931 Gaspar Rosés
4%
(1925-1925) * Joan Coma
4%
1931-1934 Joan Coma
4%
(1914-1915) * Joaquim Peris
4%
1943-1943 José Antonio de Albert
4%
1942-1942 Josep Vidal-Ribas
4%
1943-1946 José Vendrell
4%
1906-1908 Juli Marial
4%
1902-1903 Paul Haas
4%
1915-1916 Rafael Llopart
4%
(2015-2015) * Ramón Adell
4%
1919-1920 Ricard Graells
4%
1929-1930 Tomàs Rosés
4%
1908-1908 Vicente Reig
4%
1931-1931 Antoni Oliver
3%
1940-1942 Enrique Piñeyro
3%
1942-1943 Enrique Piñeyro
3%
1953-1953 Francisco Giménez-Salinas
1%
(2003-2003) * Joan Trayter
1%
1909-1910 Otto Helmut
1%
No se encontraron pruebas coincidentes
Distribución de puntuación
Porcentaje de gente con cada puntuación
Porcentaje por número respondido
Historial de tus puntuaciones
No has intentado esta prueba.